All Countries That Have Appeared At Eurovision At Least Once - Statistics

General Stats
  • This quiz has been taken 38 times
  • The average score is 46 of 52
Answer Stats
Answer How Many Times They Participate % Correct
North Macedonia 20
100%
Bosnia And Herzegovina 19
96%
Germany 67
96%
Greece 44
96%
Malta 36
96%
Norway 62
96%
Portugal 55
96%
Spain 63
96%
Sweden 63
96%
Ukraine 20
96%
United Kingdom 66
96%
Andorra 6
93%
Austria 56
93%
Belgium 65
93%
Croatia 29
93%
Czechia 12
93%
Finland 57
93%
Iceland 36
93%
Netherlands 64
93%
Russia 23
93%
Serbia 16
93%
Serbia And Montenegro 2
93%
Slovakia 7
93%
Slovenia 29
93%
Albania 20
89%
Armenia 16
89%
Bulgaria 13
89%
France 66
89%
Hungary 17
89%
Ireland 57
89%
Israel 46
89%
Italy 50
89%
Latvia 24
89%
Lithuania 24
89%
Monaco 24
89%
Switzerland 64
89%
Turkey 34
89%
Cyprus 40
86%
Estonia 29
86%
Luxembourg 37
86%
Moldova 19
86%
Montenegro 11
86%
Belarus 16
82%
Denmark 52
82%
Poland 26
82%
Romania 24
82%
San Marino 14
82%
Australia 9
79%
Georgia 16
75%
Morocco 1
61%
Yugoslavia 27
61%
Azerbaijan 16
21%
No matching quizzes found
Score Distribution
Percent of People with Each Score
Percentile by Number Answered
Your Score History
You have not taken this quiz